00680nam a2200181 i 4500001000400000100002300004245005900027260004600086300004000132505008500172505002200257650004300279020002100322040000800343041000800351008004100359856009800400bgj1 aPIOUS, Richards M.10aAmerican politics and government /cRichards M. Pious. aNew York :bMcGraw-Hill Book,ccop. 1986. aXVI, 736 pp :bfig., ill. ;c27 cm. aIncl. The Constitution of the United States and The Declaration of Independence. aIndex pp 721-736. 9aUnited StatesxPolitics and government a0070501211 (hbk) cBPK0 aeng s uk f |000 0 eng  uhttp://koha.tu.koszalin.pl/cgi-bin/koha/opac-detail.pl?biblionumber=41284yKatalog online BPK